00816cam a2200217 a 450000100100000000500170001000800410002702000150006804000230008308200210010610000360012724500740016326000340023730000200027150400560029165000530034765000550040065000550045565000570051065000310056700000498020200929151541.0980619s1997 cu 001 p spa d a9590201563 aDO-SdBNPcRCEdDLC aCu861.44bL864de1 aLópez Lemus, Virgilio,d1946-10aDécima e identidad :bsiglos XVIII y XIX /cVirgilio López Lemus. aLa Habana :bAcademia,c1997. a93 p. ;c20 cm. aIncluye referencias bibliográficas (p. [87] -91). 4aPoesía cubanaxHistoria y críticaySIGLO XIX 4aLiteratura cubanaxHistoria y críticaySIGLO XIX 4aPoesía cubanaxHistoria y críticaySIGLO XVIII 4aLiteratura cubanaxHistoria y críticaySIGLO XVIII 4aLiteratura latinoamericana